| 000 | 00812nam a2200229Ia 4500 | ||
|---|---|---|---|
| 003 | GCL | ||
| 008 | 140319s9999 xx 000 0 ara d | ||
| 040 |
_aGCL / _cGCL |
||
| 082 | 0 | 4 |
_a250 _bا م |
| 100 | 1 | _aابوبكر جابر الجزائرى | |
| 245 | 1 | 0 |
_aمنهاج المسلم : _bكتاب عقائد و اداب و اخلاق و عبادات و معاملات / _cابوبكر جابر الجزائرى |
| 250 | _aالثامنة | ||
| 260 |
_aالقاهرة : _bالمكتبة القيمة للطباعة والنشر والتوزيع |
||
| 300 |
_a487 ص ؛ _c24 سم |
||
| 490 | _a | ||
| 650 | 0 | 4 | _aالاسلام |
| 650 | 0 | 4 | _aالاخلاق الاسلامية |
| 650 | 0 | 4 | _aالعقائد |
| 650 | 0 | 4 | _aالاداب الاسلامية |
| 650 | 0 | 4 | _aالمعاملات |
| 942 |
_2ddc _cBK |
||
| 999 |
_c58982 _d58982 |
||